000 00583nam a2200229Ia 4500
003 OSt
005 20221007080715.0
006 a|||||r|||| 00| 0
007 ta
008 221006b |||||||| |||| 00| 0 eng d
024 _a29,773
037 _cTextual
040 _aFLL
_cFLL
_beng
041 _2eng
_aeng
082 _aZ, K9
100 _aFinch Sir Henry
_9695301
245 0 _aLaw or a discourse thereof
260 _aNew York
_bAugustus M. Kelley New
_c1969
300 _a506p
_ccm.
942 _hZ, K9
_cTEXL
_2CC
999 _c1160619
_d1160619